000 00847nam a2200253 a 4500
001 000032168
003 DO-SdBNP
005 20220822094345.0
007 ta
008 110713s1945 dr 000 p spa d
040 _aDO-SdBNP
_bspa
_cBNPHU
082 _axxx
_bM843m
100 _aMORENO JIMENES, DOMINGO,
_d1894 - 1986
_919534
245 1 0 _aArroyos de palabras, para hacer avanzar, solo mi sueño /
_cDomingo Moreno Jimenes.
246 3 4 _aLos milenios del tercer mundo /
260 _a[Ciudad Trujillo, República Dominicana] :
_bColina Sacra ;
_bLibrería Dominicana,
_c1945.
300 _a[14] p. ;
_c14 cm.
490 1 _aDía estético ;
500 _aLa biblioteca posee un (1) ejemplar autografiado por el autor.
590 _aInventariado, 2022/ YL
830 _pDía estético
_982208
910 _aYLockward
942 _2ddc
_cLF2
999 _c31659
_d31659